Tablighi Ishtaharon Ka Majmooa and Other. (Record no. 1037)

MARC details
000 -LEADER
fixed length control field 00617nam a2200241 a 4500
020 ## - INTERNATIONAL STANDARD BOOK NUMBER
ISBN
082 00 - DEWEY DECIMAL CLASSIFICATION NUMBER
Classification number 305.6945097
Author Cutter NIZ
100 ## - MAIN ENTRY--AUTHOR NAME
Author name Nizami, Khawaja Hasan
245 ## - TITLE STATEMENT
Title Tablighi Ishtaharon Ka Majmooa and Other.
260 ## - PUBLICATION, DISTRIBUTION, ETC. (IMPRINT)
Place of publication Delhi
Name of publisher Matbua Barqi Press
Year of publication 1925
300 ## - PHYSICAL DESCRIPTION
Number of Pages 132p
500 ## - GENERAL NOTE
General note includes index and biblioraphy
505 2# - FORMATTED CONTENTS NOTE
Formatted contents note reference
650 ## - SUBJECT ADDED ENTRY--TOPICAL TERM
Topical Term Islam-Relations Hinduism
942 ## - ADDED ENTRY ELEMENTS (KOHA)
Koha item type Books
700 1# -
-- Nizami, Khawaja Hasan
Holdings
Collection code Home library Current library Date acquired Cost, normal purchase price Full call number Accession Number Koha item type
  Henry Martyn Institute Library Henry Martyn Institute Library 03/29/2007 0.50 305.6945097 NIZ 04862 Books
                   Copyright © 2026 | Henry Martyn Institute | Hyderabad | TS-500052 | INDIA | Implemented by hmi.edu.in
Hit-Count:

Powered by Koha